El incendio del olivar

Spremljeno u:
Bibliografski detalji
Glavni autor: Deledda, Grazia (Autor)
Format: Knjiga
Jezik:španjolski
Izdano: Santiago Ercilla 1936
Izdanje:1a. ed
Serija:Colección Contemporáneos
Teme:
Oznake: Dodaj oznaku
Bez oznaka, Budi prvi tko označuje ovaj zapis!

MARC

LEADER 00000cam a2200000 a 4500
001 UCF8355
003 CL-VaPUC
008 130829e19360000cl |||||||||||||||||spa|d
082 0 4 |a 853  |b DEL  |2 21 
100 0 |a Deledda, Grazia  |e author  |9 570424 
245 1 3 |a El incendio del olivar 
250 |a 1a. ed 
300 |a 223 p 
942 |c BK 
945 |d 20130829 16:45:00  |a dcastane 
260 |a Santiago  |b Ercilla  |c 1936 
650 0 |a Novela italiana  |9 265740 
650 0 |a Literatura italiana  |9 266970 
583 |a last modification  |c 20130829 16:45:00  |k Rodrigo Vera 
490 0 |a Colección Contemporáneos 
999 |c 352929  |d 352927 
952 |0 0  |1 0  |3 erb  |4 0  |6 853_000000000000000_DEL_1936  |7 0  |8 P  |9 457724  |a BIBEDU  |b BIBEDU  |c BIBEDU_PB  |d 2019-11-23  |i 4997123  |o 853 DEL 1936  |p 4997123  |r 2024-01-25  |w 2019-11-23  |y BK  |z Catalogado en:20130829  |k LIT